[Event "Pardubice Open A"]
[Site "?"]
[Date "2015.07.30"]
[Round "7.53"]
[White "YURTSEVEN, Melih"]
[Black "SEGER, Ruediger"]
[Result "1-0"]
[WhiteElo "2299"]
[BlackElo "2371"]
[PlyCount "83"]
[EventDate "2015.??.??"]
[WhiteClock "0:24:53"]
[BlackClock "0:28:01"]

1. e4 c6 2. d4 d5 3. Nd2 dxe4 4. Nxe4 Bf5 5. Ng3 Bg6 6. h4 h6 7. Nf3 Nd7 8. h5
Bh7 9. Bd3 Bxd3 10. Qxd3 Ngf6 11. Bd2 Qc7 12. O-O-O O-O-O 13. Ne4 e6 14. g3
Nxe4 15. Qxe4 Bd6 16. Kb1 Rhe8 17. Qe2 a6 18. c4 c5 19. Bc3 cxd4 20. Nxd4 Be5
21. Rc1 Bf6 22. c5 Nb8 23. c6 b6 24. Nf3 Bxc3 25. Rxc3 Rd5 26. Re1 Red8 27. Ne5
R8d6 28. Qg4 f5 29. Qg6 Nxc6 30. Nxc6 Rxc6 31. Rxc6 Qxc6 32. Qxg7 Qd7 33. Qxh6
Rd2 34. Qe3 Kb7 35. Rc1 Rd3 36. Qf4 Rd5 37. h6 e5 38. Qg5 a5 39. Qg7 Qxg7 40.
hxg7 Rd8 41. Re1 e4 42. g4 1-0

[Event "Pardubice Open A"]
[Site "?"]
[Date "2015.07.30"]
[Round "7.54"]
[White "SCHUH, Dirk"]
[Black "KARAS, Marek"]
[Result "0-1"]
[WhiteElo "2370"]
[BlackElo "2227"]
[PlyCount "52"]
[EventDate "2015.??.??"]
[WhiteClock "0:07:42"]
[BlackClock "0:20:32"]

1. e4 e6 2. d4 d5 3. Nd2 Nf6 4. Bd3 c5 5. c3 Nc6 6. Ngf3 cxd4 7. cxd4 dxe4 8.
Nxe4 Bb4+ 9. Nc3 O-O 10. O-O b6 11. a3 Be7 12. Re1 Bb7 13. Bc2 h6 14. Bf4 Bd6
15. Ne5 Bb8 16. Qf3 Qc8 17. Qe3 Nxe5 18. dxe5 Nd5 19. Qd3 f5 20. exf6 Rxf6 21.
Bxb8 Qxb8 22. Ne4 Rf7 23. Qh3 Qe5 24. b4 Nf4 25. Qg4 h5 26. Qg3 Ne2+ 0-1

[Event "Pardubice Open A"]
[Site "?"]
[Date "2015.07.30"]
[Round "7.55"]
[White "RIETZE, Clemens"]
[Black "VYSKOCIL, Neklan"]
[Result "1/2-1/2"]
[WhiteElo "2289"]
[BlackElo "2370"]
[PlyCount "45"]
[EventDate "2015.??.??"]
[WhiteClock "0:06:13"]
[BlackClock "0:11:12"]

1. d4 Nf6 2. c4 e6 3. Nc3 Bb4 4. Bd2 O-O 5. e3 d5 6. Nf3 Re8 7. Be2 c5 8. a3
Bxc3 9. Bxc3 Ne4 10. Rc1 Nxc3 11. Rxc3 cxd4 12. Nxd4 dxc4 13. O-O a6 14. Rxc4
e5 15. Nb3 Be6 16. Rc3 Nd7 17. Qc2 Qb6 18. Nd2 Nf6 19. Nc4 Qc7 20. Nd2 Qb6 21.
Nc4 Qc7 22. Nd2 Qb6 23. Nc4 1/2-1/2

[Event "Pardubice Open A"]
[Site "?"]
[Date "2015.07.30"]
[Round "7.56"]
[White "NASUTA, Grzegorz"]
[Black "DORST, Johannes"]
[Result "1-0"]
[WhiteElo "2365"]
[BlackElo "2207"]
[PlyCount "97"]
[EventDate "2015.??.??"]
[WhiteClock "0:04:57"]
[BlackClock "0:14:42"]

1. e4 e6 2. d4 d5 3. Nc3 Bb4 4. e5 c5 5. a3 Bxc3+ 6. bxc3 Ne7 7. Qg4 Qc7 8.
Qxg7 Rg8 9. Qxh7 cxd4 10. Ne2 Nbc6 11. f4 dxc3 12. h4 d4 13. h5 Bd7 14. h6
O-O-O 15. Qd3 Kb8 16. h7 Rh8 17. Rb1 Bc8 18. g4 b6 19. Bg2 Bb7 20. Be4 Ng6 21.
Rh5 Nf8 22. Qc4 Ne7 23. Qxc7+ Kxc7 24. Bd3 Bf3 25. Rg5 Neg6 26. f5 Nxe5 27. Bf4
f6 28. fxe6 Nxe6 29. Rxe5 Nxf4 30. Re7+ Kd6 31. Nxf4 Kxe7 32. Ng6+ Kf7 33.
Nxh8+ Rxh8 34. Bf5 d3 35. cxd3 Re8+ 36. Kf2 c2 37. Rc1 Bd1 38. d4 Re2+ 39. Kf3
Rd2+ 40. Ke3 Re2+ 41. Kd3 Rh2 42. d5 Ke7 43. Kd4 Kd6 44. Bxc2 Bxg4 45. Be4 Rh4
46. Rh1 Bh3 47. Ke3 Ke5 48. d6 Rxe4+ 49. Kf2 1-0

[Event "Pardubice Open A"]
[Site "?"]
[Date "2015.07.30"]
[Round "7.57"]
[White "GIANNOULAKIS, Labros"]
[Black "BILGUUN, Sumiya"]
[Result "1/2-1/2"]
[WhiteElo "2283"]
[BlackElo "2361"]
[PlyCount "55"]
[EventDate "2015.??.??"]
[WhiteClock "0:24:30"]
[BlackClock "0:18:34"]

1. d4 d5 2. c4 e6 3. Nf3 c6 4. e3 Nf6 5. Nbd2 Nbd7 6. Bd3 Bd6 7. O-O O-O 8. e4
dxe4 9. Nxe4 Nxe4 10. Bxe4 Nf6 11. Bc2 c5 12. Qd3 h6 13. Rd1 Qc7 14. dxc5 Bxc5
15. b4 Be7 16. Bb2 Rd8 17. Qc3 Bd7 18. Ne5 Be8 19. a3 b6 20. Rac1 a5 21. Rxd8
Rxd8 22. h3 Bf8 23. Bb1 axb4 24. axb4 Ba4 25. Qa3 Ra8 26. Qd3 Rd8 27. Qa3 Ra8
28. Qd3 1/2-1/2

[Event "Pardubice Open A"]
[Site "?"]
[Date "2015.07.30"]
[Round "7.58"]
[White "STRUGNELL, Carl"]
[Black "NUN, Jiri"]
[Result "1-0"]
[WhiteElo "2275"]
[BlackElo "2355"]
[PlyCount "117"]
[EventDate "2015.??.??"]
[WhiteClock "0:03:52"]
[BlackClock "0:21:22"]

1. e4 c6 2. d4 g6 3. f4 d5 4. e5 h5 5. Nd2 Nh6 6. Ndf3 Bg4 7. h3 Bxf3 8. Nxf3
e6 9. Be3 Nf5 10. Bf2 h4 11. Bd3 Be7 12. O-O Nd7 13. b3 Kf8 14. c4 b6 15. Rc1
Kg7 16. cxd5 cxd5 17. Ba6 Nf8 18. a4 g5 19. fxg5 Bxg5 20. Nxg5 Qxg5 21. Qf3 Ng6
22. Rc7 Rhe8 23. Rfc1 Re7 24. Qg4 Qxg4 25. hxg4 Rxc7 26. Rxc7 Ng3 27. Be3 Ne4
28. Kf1 Rh8 29. Bd3 h3 30. gxh3 Rxh3 31. Ke2 Rh2+ 32. Kd1 Rh3 33. Ke2 Rh2+ 34.
Kd1 Rh3 35. Bxe4 dxe4 36. Ke2 Rh2+ 37. Kf1 Rb2 38. Rxa7 Nh4 39. d5 Rxb3 40.
dxe6 Ng6 41. Rxf7+ Kg8 42. Bd4 Rb4 43. Rd7 Rxa4 44. Kf2 Ra8 45. Ke3 Re8 46.
Kxe4 Nf8 47. Kf5 Nxe6 48. Bxb6 Ng7+ 49. Ke4 Re6 50. Bd8 Ra6 51. Bf6 Ra4+ 52.
Kf3 Ne6 53. Re7 Nd4+ 54. Kg3 Ne2+ 55. Kh4 Nf4 56. Kg5 Nh3+ 57. Kh6 Rxg4 58. e6
Kf8 59. Rd7 1-0

[Event "Pardubice Open A"]
[Site "?"]
[Date "2015.07.30"]
[Round "7.59"]
[White "VYKOUK, Jan"]
[Black "KOZUSEK, Daniel"]
[Result "1-0"]
[WhiteElo "2182"]
[BlackElo "2346"]
[PlyCount "60"]
[EventDate "2015.??.??"]
[WhiteClock "0:52:10"]
[BlackClock "0:52:24"]

1. e4 c5 2. Nf3 d6 3. d4 cxd4 4. Nxd4 Nf6 5. Nc3 a6 6. Bg5 Nbd7 7. Bc4 Qa5 8.
Qd2 e6 9. O-O-O Be7 10. Kb1 b5 11. Nc6 Qc7 12. Nxe7 Kxe7 13. Bb3 Rd8 14. f4 Bb7
15. Rhe1 Nc5 16. Nd5+ Bxd5 17. exd5 Nxb3 18. axb3 Qd7 19. Qd3 Rh8 20. dxe6 fxe6
21. f5 e5 22. Rxe5+ Kf7 23. Re6 Rad8 24. Bxf6 gxf6 25. Qd4 Rhe8 26. Qxf6+ Kg8
27. Rexd6 Qxd6 28. Rxd6 Rxd6 29. Qxd6 Re1+ 30. Ka2 Ra1+ 1-0

[Event "Pardubice Open A"]
[Site "?"]
[Date "2015.07.30"]
[Round "7.60"]
[White "SANDERS, Isaac B"]
[Black "MITUROVA, Magdalena"]
[Result "1-0"]
[WhiteElo "2338"]
[BlackElo "2149"]
[PlyCount "73"]
[EventDate "2015.??.??"]
[WhiteClock "0:01:51"]
[BlackClock "0:00:38"]

1. e4 e5 2. Nc3 Nf6 3. g3 d5 4. exd5 Nxd5 5. Bg2 Nxc3 6. bxc3 Bd6 7. Nf3 O-O 8.
O-O Bg4 9. h3 Bxf3 10. Qxf3 c6 11. d4 Nd7 12. Qd3 Qc7 13. Bd2 f5 14. g4 f4 15.
Rfe1 Rae8 16. Re2 Kh8 17. Rae1 Rd8 18. Be4 Nf6 19. Bf3 c5 20. dxe5 Bxe5 21. Qc4
Bd6 22. Kg2 b6 23. Re6 Nd7 24. Bc1 Ne5 25. Qd5 Nxf3 26. Qxf3 c4 27. R1e4 b5 28.
Rd4 Be5 29. Rxd8 Rxd8 30. Qe4 f3+ 31. Qxf3 Bd6 32. Qe4 Qd7 33. Be3 Bc7 34. Re7
Qc8 35. Bd4 Rg8 36. Qc6 Bb6 37. Bxg7+ 1-0

[Event "Pardubice Open A"]
[Site "?"]
[Date "2015.07.30"]
[Round "7.61"]
[White "SOYSAL, Serkan"]
[Black "PECHAC, Jergus"]
[Result "0-1"]
[WhiteElo "2293"]
[BlackElo "2511"]
[PlyCount "96"]
[EventDate "2015.??.??"]
[WhiteClock "0:22:13"]
[BlackClock "0:34:16"]

1. Nf3 Nf6 2. c4 g6 3. Nc3 Bg7 4. e4 O-O 5. d4 d6 6. Be2 Bg4 7. Be3 Nfd7 8. Ng1
Bxe2 9. Ngxe2 c5 10. O-O a6 11. Qd2 Nc6 12. dxc5 Nxc5 13. f3 Qa5 14. Rab1 Qb4
15. Nd5 Qxd2 16. Bxd2 b5 17. Bc3 Rfb8 18. Bxg7 Kxg7 19. cxb5 axb5 20. a3 Kf8
21. b4 Nd7 22. Rfc1 Nce5 23. Rc7 Ke8 24. Nd4 Rxa3 25. Nxb5 Raa8 26. Nd4 e6 27.
Ne3 Nc5 28. f4 Kd8 29. Rc6 Nxc6 30. Nxc6+ Ke8 31. Nxb8 Rxb8 32. e5 dxe5 33.
fxe5 Nd3 34. Nc4 Rxb4 35. Rxb4 Nxb4 36. g4 Kd7 37. Kg2 Kc6 38. Nd6 f5 39. gxf5
exf5 40. Nf7 Nd3 41. Kf3 Kd7 42. e6+ Ke7 43. h4 Nc5 44. Ng5 Nxe6 45. Nxh7 Kf7
46. Ke3 Kg7 47. Ng5 Nxg5 48. hxg5 Kf7 0-1

[Event "Pardubice Open A"]
[Site "?"]
[Date "2015.07.30"]
[Round "7.62"]
[White "BRYZGALIN, Kirill"]
[Black "BERNOTAS, Arturs"]
[Result "1-0"]
[WhiteElo "2459"]
[BlackElo "2292"]
[PlyCount "75"]
[EventDate "2015.??.??"]
[WhiteClock "0:06:16"]
[BlackClock "0:00:42"]

1. c4 Nf6 2. Nf3 e6 3. e3 c5 4. b3 Be7 5. Bb2 O-O 6. Be2 b6 7. O-O Bb7 8. a3 a6
9. d4 d6 10. Nc3 Nbd7 11. Rc1 Rc8 12. Re1 Re8 13. Bf1 cxd4 14. Nxd4 d5 15. cxd5
exd5 16. Qd2 b5 17. f3 b4 18. Nb1 Qb6 19. axb4 Bxb4 20. Bc3 Bxc3 21. Nxc3 Qb4
22. Ne4 Qb6 23. Nxf6+ Nxf6 24. g3 Nd7 25. Bh3 Rxc1 26. Rxc1 Ne5 27. f4 Ng6 28.
Qc3 a5 29. Bd7 Rf8 30. Nf5 f6 31. Qc7 Qxc7 32. Rxc7 Rb8 33. Be6+ Kh8 34. Rxg7
Ba6 35. Ra7 Bd3 36. Nd6 Rxb3 37. Nf7+ Kg7 38. Ng5+ 1-0

[Event "Pardubice Open A"]
[Site "?"]
[Date "2015.07.30"]
[Round "7.63"]
[White "LUGOVSKOY, Maxim"]
[Black "SEVERINA, Maria"]
[Result "1/2-1/2"]
[WhiteElo "2432"]
[BlackElo "2276"]
[PlyCount "47"]
[EventDate "2015.??.??"]
[WhiteClock "0:00:41"]
[BlackClock "0:12:59"]

1. f4 d5 2. g3 h5 3. Bg2 h4 4. c4 dxc4 5. Na3 hxg3 6. hxg3 Rxh1 7. Bxh1 e5 8.
Nf3 exf4 9. gxf4 Qf6 10. d4 cxd3 11. Qxd3 Bf5 12. e4 Bxa3 13. exf5 Bb4+ 14. Kf1
Nd7 15. Be3 O-O-O 16. Rc1 Ne7 17. Nd4 Nb6 18. Rxc7+ Kxc7 19. Nb5+ Kc8 20. Nxa7+
Kc7 21. Nb5+ Kc8 22. Na7+ Kc7 23. Nb5+ Kc8 24. Na7+ 1/2-1/2

[Event "Pardubice Open A"]
[Site "?"]
[Date "2015.07.30"]
[Round "7.64"]
[White "KOBO, Ori"]
[Black "KUBIK, Michael"]
[Result "1-0"]
[WhiteElo "2422"]
[BlackElo "2275"]
[PlyCount "79"]
[EventDate "2015.??.??"]
[WhiteClock "0:04:00"]
[BlackClock "0:00:50"]

1. d4 Nf6 2. c4 g6 3. Nc3 Bg7 4. e4 d6 5. Nf3 O-O 6. h3 e5 7. d5 a5 8. Be3 Na6
9. g4 Kh8 10. Nd2 Ng8 11. Bd3 Bh6 12. Qf3 Bxe3 13. Qxe3 f5 14. exf5 gxf5 15.
O-O-O Nc5 16. Bc2 Ne7 17. Rdg1 Ng6 18. h4 Nf4 19. g5 Qe7 20. Ne2 Nxe2+ 21. Qxe2
Qg7 22. h5 Bd7 23. h6 Qg8 24. f4 Rae8 25. Nf3 Ne4 26. Nh4 Ng3 27. Rxg3 exf4 28.
Qf2 fxg3 29. Qxg3 Rf7 30. Qc3+ Re5 31. Nf3 Rfe7 32. c5 Qg6 33. Kb1 Kg8 34. Nxe5
Rxe5 35. Qxa5 Qe8 36. Rd1 Qc8 37. a3 Kf7 38. Qb4 dxc5 39. Qxc5 b6 40. Qc3 1-0

[Event "Pardubice Open A"]
[Site "?"]
[Date "2015.07.30"]
[Round "7.65"]
[White "PLISCHKI, Sebastian"]
[Black "VYBIRAL, Zdenek"]
[Result "1/2-1/2"]
[WhiteElo "2398"]
[BlackElo "2267"]
[PlyCount "59"]
[EventDate "2015.??.??"]
[WhiteClock "0:17:10"]
[BlackClock "0:14:03"]

1. Nf3 g6 2. d4 Nf6 3. c4 Bg7 4. g3 O-O 5. Bg2 d6 6. O-O Nbd7 7. Qc2 e5 8. Rd1
exd4 9. Nxd4 Re8 10. Nc3 c6 11. e4 Qb6 12. h3 a5 13. Be3 Qc7 14. Rd2 Nc5 15.
Nb3 Na6 16. Rad1 a4 17. Nd4 Nc5 18. f4 Nfxe4 19. Nxe4 Nxe4 20. Bxe4 f5 21. Bxc6
bxc6 22. Bf2 Bb7 23. c5 dxc5 24. Qxc5 Qf7 25. a3 Bf8 26. Qc2 Qd5 27. Ne2 Qe6
28. Nd4 Qd5 29. Ne2 Qe6 30. Nd4 1/2-1/2

[Event "Pardubice Open A"]
[Site "?"]
[Date "2015.07.30"]
[Round "7.67"]
[White "ZANAN, Evgeny"]
[Black "OTT, Florian"]
[Result "1/2-1/2"]
[WhiteElo "2391"]
[BlackElo "2254"]
[PlyCount "84"]
[EventDate "2015.??.??"]
[WhiteClock "0:08:53"]
[BlackClock "0:24:32"]

1. d4 Nf6 2. c4 e6 3. Nf3 b6 4. g3 Ba6 5. Qa4 Bb7 6. Bg2 c5 7. dxc5 bxc5 8. O-O
Be7 9. Nc3 O-O 10. Rd1 d6 11. Bf4 Qb6 12. Rd2 h6 13. Ne1 Bxg2 14. Nxg2 e5 15.
Be3 Nc6 16. f3 Nd4 17. Bf2 Bd8 18. Ne3 Qa5 19. Qd1 Rb8 20. Kg2 Qa6 21. b3 Ba5
22. Rd3 Bxc3 23. Rxc3 Rfe8 24. Nc2 Qc6 25. Ne1 Nf5 26. e4 Nd4 27. Bxd4 exd4 28.
Rc2 a5 29. Nd3 a4 30. Re2 Ra8 31. Rb1 axb3 32. axb3 Rab8 33. Ra1 Ra8 34. Rea2
g5 35. Rxa8 Rxa8 36. Rxa8+ Qxa8 37. Qd2 Kg7 38. g4 Nd7 39. h4 f6 40. b4 Nb6 41.
bxc5 Nxc4 42. Qb4 Ne3+ 1/2-1/2

[Event "Pardubice Open A"]
[Site "?"]
[Date "2015.07.30"]
[Round "7.68"]
[White "CAMARENA GIMENEZ, Rufino"]
[Black "PASZEWSKI, Mateusz"]
[Result "1-0"]
[WhiteElo "2378"]
[BlackElo "2252"]
[PlyCount "107"]
[EventDate "2015.??.??"]
[WhiteClock "0:10:05"]
[BlackClock "0:03:11"]

1. d4 d5 2. c4 c6 3. Nf3 Nf6 4. e3 e6 5. Nc3 Nbd7 6. Qc2 Bd6 7. b3 O-O 8. Be2
Qe7 9. O-O dxc4 10. bxc4 e5 11. Rd1 Re8 12. a4 e4 13. Nd2 Nf8 14. h3 Bf5 15.
Qb3 g5 16. Ba3 Bxa3 17. Qxa3 Qd7 18. Nf1 h5 19. d5 Red8 20. dxc6 Qxc6 21. Qe7
Re8 22. Nd5 N8d7 23. Qb4 Kg7 24. Ne7 Qe6 25. Nxf5+ Qxf5 26. Ng3 Qc5 27. Qxc5
Nxc5 28. Nxh5+ Nxh5 29. Bxh5 Red8 30. Kf1 b6 31. Rxd8 Rxd8 32. Rd1 Rd3 33. Rxd3
Nxd3 34. Bd1 Nb2 35. Bb3 a5 36. Ke2 Kf6 37. f3 Nd3 38. Bc2 exf3+ 39. gxf3 Nc5
40. Kf2 Ke5 41. Kg3 f5 42. f4+ Kf6 43. fxg5+ Kxg5 44. h4+ Kf6 45. Kf3 Ne6 46.
Ke2 Ng7 47. Kd3 Ke5 48. Bd1 Ne6 49. Kc3 Nc5 50. Bc2 Ne6 51. h5 Ng5 52. h6 Nh7
53. c5 bxc5 54. Kc4 1-0

[Event "Pardubice Open A"]
[Site "?"]
[Date "2015.07.30"]
[Round "7.69"]
[White "WARAKOMSKA, Anna"]
[Black "GHENG, Josef"]
[Result "0-1"]
[WhiteElo "2274"]
[BlackElo "2376"]
[PlyCount "48"]
[EventDate "2015.??.??"]
[WhiteClock "0:00:47"]
[BlackClock "0:51:25"]

1. e4 c5 2. Nf3 Nc6 3. Bb5 Nf6 4. Bxc6 dxc6 5. d3 Qc7 6. Nc3 e5 7. h3 h6 8. Be3
Be6 9. Qe2 Be7 10. Nd2 g6 11. O-O-O a5 12. Rdf1 Nh5 13. g3 a4 14. Qe1 Nf4 15.
gxf4 exf4 16. Nc4 fxe3 17. f4 Bxc4 18. dxc4 g5 19. e5 gxf4 20. Rxf4 a3 21. b3
O-O-O 22. Rf5 Rhg8 23. Rhf1 Rg2 24. Ne4 e2 0-1

[Event "Pardubice Open A"]
[Site "?"]
[Date "2015.07.30"]
[Round "7.70"]
[White "SZOTKOWSKI, Jakub"]
[Black "KULON, Klaudia"]
[Result "1-0"]
[WhiteElo "2356"]
[BlackElo "2240"]
[PlyCount "141"]
[EventDate "2015.??.??"]
[WhiteClock "0:08:07"]
[BlackClock "0:36:23"]

1. d4 d5 2. c4 e6 3. Nf3 c6 4. e3 Bd6 5. b3 f5 6. Bd3 Nf6 7. O-O Qe7 8. a4 a5
9. Ba3 Bxa3 10. Nxa3 b6 11. Ne5 O-O 12. Qc2 Bb7 13. cxd5 Nxd5 14. Qb2 Na6 15.
Rac1 c5 16. Bxa6 Bxa6 17. Rfd1 cxd4 18. Nc6 Qg5 19. Nxd4 Qg6 20. Nc6 Rae8 21.
Nc4 f4 22. N6e5 Qg5 23. Nf3 Qg6 24. e4 Bxc4 25. Rxc4 Nb4 26. Qd4 Rb8 27. Rc7
Na6 28. Re7 Nc5 29. h4 Nxb3 30. Qe5 Nc5 31. Ng5 Rbe8 32. Rxe8 Rxe8 33. Qxf4 h6
34. Nf3 Qxe4 35. Qc7 Qxa4 36. Rd4 Qa1+ 37. Kh2 e5 38. Nxe5 Kh7 39. Rd5 Qa2 40.
Qxb6 Qxd5 41. Qg6+ Kg8 42. Qxe8+ Kh7 43. Qg6+ Kg8 44. f4 Qd8 45. g3 Qd2+ 46.
Kh3 Qd1 47. Qf7+ Kh7 48. Qf5+ Kg8 49. Qc8+ Kh7 50. Qxc5 Qh1+ 51. Kg4 Qd1+ 52.
Kf5 Qb1+ 53. Ke6 Qb3+ 54. Nc4 a4 55. Kd6 Qxg3 56. Qf5+ Kg8 57. h5 a3 58. Qe6+
Kh7 59. Qe3 Qh4 60. Nxa3 Qxh5 61. Qe4+ Qg6+ 62. Ke5 h5 63. Nc4 h4 64. Ne3 h3
65. Ng4 Qxe4+ 66. Kxe4 Kg6 67. Kf3 Kf5 68. Ne3+ Kf6 69. Kg3 g5 70. f5 g4 71.
Kf4 1-0

[Event "Pardubice Open A"]
[Site "?"]
[Date "2015.07.30"]
[Round "7.71"]
[White "LORSCHEID, Gerhard"]
[Black "GUTENEV, Alexander"]
[Result "1/2-1/2"]
[WhiteElo "2224"]
[BlackElo "2349"]
[PlyCount "36"]
[EventDate "2015.??.??"]
[WhiteClock "0:50:01"]
[BlackClock "0:18:49"]

1. Nf3 Nf6 2. c4 g6 3. b3 Bg7 4. Bb2 O-O 5. g3 c6 6. Bg2 d5 7. O-O a5 8. Qc2 a4
9. d3 Na6 10. Nbd2 Qa5 11. a3 axb3 12. Nxb3 Qa4 13. cxd5 cxd5 14. Bd4 Bg4 15.
Qb2 Rfc8 16. Rfc1 h6 17. h3 Be6 18. Be5 Qd7 1/2-1/2

[Event "Pardubice Open A"]
[Site "?"]
[Date "2015.07.30"]
[Round "7.72"]
[White "KOLOLLI, Kevin"]
[Black "SORM, Daniel"]
[Result "0-1"]
[WhiteElo "2203"]
[BlackElo "2347"]
[PlyCount "100"]
[EventDate "2015.??.??"]
[WhiteClock "1:25:32"]
[BlackClock "0:04:48"]

1. e4 c5 2. Nf3 d6 3. d4 cxd4 4. Nxd4 Nf6 5. Nc3 Nc6 6. Bc4 e6 7. Bb3 Be7 8.
Be3 O-O 9. Qe2 a6 10. O-O-O Nd7 11. g4 Nc5 12. Kb1 Nxd4 13. Bxd4 Bd7 14. Rhg1
b5 15. g5 b4 16. Bxc5 dxc5 17. Qh5 bxc3 18. Rd3 Qe8 19. Rh3 h6 20. gxh6 g6 21.
Qe5 f6 22. h7+ Kg7 23. Qxc3 Rh8 24. f4 Rxh7 25. Rhg3 Rh6 26. Qf3 f5 27. Qc3+
Kh7 28. exf5 exf5 29. Re1 Qf8 30. Rd3 Bb5 31. Rh3 Bh4 32. Re6 c4 33. Bxc4 Rc8
34. b3 Bxc4 35. bxc4 Qc5 36. Rd3 Qg1+ 37. Kb2 Rb8+ 38. Ka3 Qc5+ 39. Ka4 Be7 40.
a3 g5 41. Rh3 Rxh3 42. Qxh3+ Kg8 43. Rg6+ Kf7 44. Qh7+ Ke8 45. Qg8+ Kd7 46.
Qd5+ Qxd5 47. cxd5 gxf4 48. c4 f3 49. Rg3 f2 50. Rf3 Bc5 0-1

[Event "Pardubice Open A"]
[Site "?"]
[Date "2015.07.30"]
[Round "7.73"]
[White "SPALIR, Jernej"]
[Black "BARTOS, Jan"]
[Result "0-1"]
[WhiteElo "2346"]
[BlackElo "2240"]
[PlyCount "90"]
[EventDate "2015.??.??"]
[WhiteClock "0:22:28"]
[BlackClock "0:43:43"]

1. d4 Nf6 2. c4 e6 3. Nf3 b6 4. g3 Ba6 5. b3 Bb4+ 6. Bd2 Be7 7. Bg2 d5 8. O-O
O-O 9. Ne5 Bb7 10. Qc2 c5 11. dxc5 bxc5 12. Nc3 Nbd7 13. Nxd7 Qxd7 14. cxd5
exd5 15. Rfd1 Rfd8 16. Rac1 h6 17. Qd3 Qe6 18. Qb5 Ba6 19. Qa5 Rac8 20. e3 Rd6
21. Be1 d4 22. exd4 cxd4 23. Nb5 Rxc1 24. Rxc1 Bd8 25. Qa4 Bxb5 26. Qxb5 d3 27.
Qb4 Bb6 28. Bf3 Rd4 29. Rc4 Rxc4 30. bxc4 Ne4 31. Bxe4 Qxe4 32. c5 Qxb4 33.
Bxb4 Bxc5 34. Bd2 f5 35. Kf1 Kf7 36. Ke1 Ke6 37. Bc3 g6 38. Kd2 Bxf2 39. Kxd3
Bg1 40. h3 h5 41. Ke2 g5 42. Kf3 g4+ 43. hxg4 hxg4+ 44. Kf4 Bb6 45. Be5 Be3+
0-1

[Event "Pardubice Open A"]
[Site "?"]
[Date "2015.07.30"]
[Round "7.74"]
[White "KRENSING, Jan"]
[Black "DVORAK, Adam"]
[Result "1-0"]
[WhiteElo "2344"]
[BlackElo "2230"]
[PlyCount "69"]
[EventDate "2015.??.??"]
[WhiteClock "0:04:51"]
[BlackClock "0:11:07"]

1. c4 Nf6 2. g3 c5 3. Bg2 e6 4. Nf3 Be7 5. O-O O-O 6. Nc3 a6 7. d4 cxd4 8. Nxd4
Qc7 9. Bf4 d6 10. Nb3 e5 11. Bg5 Be6 12. Bxf6 Bxf6 13. Rc1 Rd8 14. Nd2 Qb6 15.
b3 Nd7 16. Nde4 Be7 17. Nd5 Bxd5 18. Qxd5 Rab8 19. Nc3 Nf6 20. Qf3 Qa5 21. g4
b5 22. b4 Qa3 23. g5 Ne8 24. h4 Bf8 25. Nd5 Qxa2 26. h5 bxc4 27. g6 hxg6 28.
hxg6 fxg6 29. Bh3 Nf6 30. Be6+ Kh7 31. Rxc4 Nh5 32. Rh4 Qd2 33. Ne3 Kh6 34. Bf7
Qxe2 35. Qxe2 1-0

[Event "Pardubice Open A"]
[Site "?"]
[Date "2015.07.30"]
[Round "7.75"]
[White "TATE, Alan"]
[Black "MEJAK, Severin"]
[Result "1-0"]
[WhiteElo "2335"]
[BlackElo "2235"]
[PlyCount "75"]
[EventDate "2015.??.??"]
[WhiteClock "0:03:00"]
[BlackClock "0:01:41"]

1. d4 g6 2. e4 Bg7 3. Nc3 c6 4. Nf3 d5 5. h3 Nf6 6. Bd3 dxe4 7. Nxe4 Nxe4 8.
Bxe4 O-O 9. O-O Qb6 10. a4 Rd8 11. a5 Qc7 12. Qe2 Bxd4 13. Nxd4 Rxd4 14. Bh6
Be6 15. Rfe1 Rd8 16. h4 Qe5 17. Qf3 Qf6 18. Qg3 Nd7 19. a6 bxa6 20. Bxc6 Rac8
21. Bxd7 Rxd7 22. c3 Bc4 23. Re4 Qc6 24. Rae1 Qc7 25. Qe3 e6 26. Qg5 Qd8 27.
Qf4 Bd5 28. Bg5 f6 29. Bxf6 Qf8 30. Rxe6 Bxe6 31. Rxe6 a5 32. Qe4 Rf7 33. Bd4
Rd8 34. Qe5 Rxd4 35. cxd4 Rf5 36. Re8 Rxe5 37. Rxf8+ Kxf8 38. dxe5 1-0

[Event "Pardubice Open A"]
[Site "?"]
[Date "2015.07.30"]
[Round "7.76"]
[White "SREEVES, Clement"]
[Black "DRNOVSEK, Gal"]
[Result "1-0"]
[WhiteElo "2333"]
[BlackElo "2228"]
[PlyCount "67"]
[EventDate "2015.??.??"]
[WhiteClock "0:07:56"]
[BlackClock "0:02:17"]

1. e4 c5 2. Nc3 a6 3. Nf3 d6 4. Be2 Nf6 5. O-O e5 6. a4 Nc6 7. h3 Be7 8. Re1 h6
9. Bc4 Na5 10. Ba2 Be6 11. d3 Rb8 12. Nd5 Nxd5 13. exd5 Bd7 14. c3 b6 15. b4
Nb7 16. Bc4 b5 17. axb5 axb5 18. Bb3 O-O 19. Be3 Qc7 20. Ra7 Bf6 21. Nd2 Bg5
22. Bxg5 hxg5 23. Ne4 cxb4 24. cxb4 Bf5 25. Qa1 Rfc8 26. Qa6 Bxe4 27. dxe4 Qd7
28. Ra1 g6 29. Bd1 Rc4 30. Bg4 Qc7 31. Qxb5 Rc1+ 32. Kh2 Rxa1 33. Rxa1 Nc5 34.
Qc6 1-0

[Event "Pardubice Open A"]
[Site "?"]
[Date "2015.07.30"]
[Round "7.78"]
[White "ROUS, Daniel"]
[Black "SMOLKOV, Igor"]
[Result "0-1"]
[WhiteElo "2201"]
[BlackElo "2328"]
[PlyCount "90"]
[EventDate "2015.??.??"]
[WhiteClock "0:26:56"]
[BlackClock "0:31:26"]

1. d4 Nf6 2. c4 g6 3. Nf3 Bg7 4. g3 d6 5. Bg2 O-O 6. O-O c5 7. Nc3 Nc6 8. d5
Na5 9. Nd2 a6 10. Qc2 Rb8 11. b3 b5 12. Rb1 e5 13. cxb5 axb5 14. b4 cxb4 15.
Rxb4 Bd7 16. Bb2 Qc7 17. Rb1 Bh6 18. a3 Rfc8 19. Ba1 Ra8 20. e3 Bf5 21. Be4
Nxd5 22. Nxd5 Qxc2 23. Bxc2 Rxc2 24. Ne7+ Kg7 25. Nxf5+ gxf5 26. Nf3 Nc4 27.
Nh4 Kf6 28. Rd1 Ke6 29. Rxb5 Rxa3 30. Bd4 Raa2 31. Bb6 Bg5 32. Nf3 Be7 33. Rf1
Rab2 34. Rxb2 Rxb2 35. Ba7 Ra2 36. Rc1 Kd5 37. Rd1+ Ke4 38. Ne1 Rxa7 39. Kf1
Nxe3+ 40. fxe3 Ra2 41. Kg1 Kxe3 42. Ng2+ Ke4 43. h3 Ra3 44. Re1+ Kd5 45. Ne3+
Ke6 0-1

[Event "Pardubice Open A"]
[Site "?"]
[Date "2015.07.30"]
[Round "7.79"]
[White "MAREK, Matyas"]
[Black "VARITSKI, Igor"]
[Result "1-0"]
[WhiteElo "2326"]
[BlackElo "2214"]
[PlyCount "99"]
[EventDate "2015.??.??"]
[WhiteClock "0:28:15"]
[BlackClock "0:21:18"]

1. e4 c6 2. d4 d5 3. Nc3 dxe4 4. Nxe4 Bf5 5. Ng3 Bg6 6. Nh3 e6 7. Nf4 Qh4 8.
Ngh5 Nd7 9. g3 Bxh5 10. Qxh5 Qxh5 11. Nxh5 g6 12. Nf4 Bg7 13. c3 O-O-O 14. Bg2
Ne7 15. O-O Nf5 16. Nd3 h5 17. Bf4 Bh6 18. b4 Bxf4 19. Nxf4 Kc7 20. Nd3 Rhe8
21. Rfe1 Nd6 22. a4 a5 23. b5 Nc4 24. f4 Ndb6 25. bxc6 bxc6 26. Nc5 Nd7 27. Ne4
Rb8 28. Ng5 Rf8 29. Rab1 Rxb1 30. Rxb1 Ndb6 31. Ra1 Nd6 32. Nf3 Ndc4 33. Ng5
Nd6 34. Nf3 Nbc4 35. Ne5 Nxe5 36. fxe5 Nc4 37. Rf1 Nb6 38. c4 Nxa4 39. Ra1 Nb6
40. Rxa5 Nxc4 41. Rc5 Ne3 42. Bxc6 Nf5 43. d5 exd5 44. Bxd5+ Kd8 45. Ra5 Ne3
46. Bb3 Ke7 47. Ra7+ Ke8 48. h3 Nf5 49. Kf2 Nd4 50. Ba4+ 1-0

[Event "Pardubice Open A"]
[Site "?"]
[Date "2015.07.30"]
[Round "7.80"]
[White "MISHUCHKOV, Nikolai M"]
[Black "MANIGK, Sebastian"]
[Result "1/2-1/2"]
[WhiteElo "2320"]
[BlackElo "2214"]
[PlyCount "120"]
[EventDate "2015.??.??"]
[WhiteClock "0:46:08"]
[BlackClock "0:23:26"]

1. d4 Nf6 2. Nf3 e6 3. c4 b6 4. e3 Bb7 5. Bd3 d5 6. O-O Bd6 7. b3 O-O 8. Bb2
Nbd7 9. Nc3 a6 10. Nd2 Qe7 11. e4 dxe4 12. Ndxe4 Nxe4 13. Bxe4 Bxe4 14. Nxe4
Bxh2+ 15. Kxh2 Qh4+ 16. Kg1 Qxe4 17. Re1 Qf5 18. d5 Rfe8 19. g4 Qg6 20. dxe6
Rxe6 21. Rxe6 Qxe6 22. Qd4 f6 23. Qd5 Re8 24. Kf1 Ne5 25. Bxe5 Qxd5 26. cxd5
Rxe5 27. Rc1 Rxd5 28. Rxc7 Rd2 29. Rc6 Rxa2 30. Rxb6 Kf7 31. Kg2 Kg6 32. Kg3 h5
33. gxh5+ Kxh5 34. b4 Ra3+ 35. f3 f5 36. b5 a5 37. Rb8 Kg5 38. Rg8 f4+ 39. Kg2
g6 40. b6 Rb3 41. Ra8 Kh4 42. Rh8+ Kg5 43. Ra8 Rxb6 44. Rxa5+ Kh4 45. Ra2 Rb3
46. Rc2 g5 47. Ra2 g4 48. fxg4 Kxg4 49. Kf2 Rf3+ 50. Kg2 Rg3+ 51. Kf2 Rb3 52.
Rc2 Rf3+ 53. Kg2 Rg3+ 54. Kf2 Rf3+ 55. Kg2 Rg3+ 56. Kf2 Rh3 57. Rc8 Rh2+ 58.
Kg1 Ra2 59. Rc3 f3 60. Rc8 Kg3 1/2-1/2